[Event "2016 Redpath Mining Millionaire Chess Open"]
[Site "Venue: Old Ed’s Sports Complex, Houghton, Johannesburg"]
[Date "2016.07.14"]
[Round "3"]
[Board "7"]
[White "Akande, Tunde"]
[Black "Mwale, Joseph"]
[Result "0-1"]
[WhiteElo "1726"]
[BlackElo "2076"]
[PlyCount "0"]
[EventDate "2016.07.13"]
[EventRounds "9"]
[EventCountry "RSA"]

1. d4 {[%clk 1:24:44]} Nf6 {[%clk 1:30:55]} 2. c4 {[%clk 1:25:04]} e6
{[%clk 1:31:22]} 3. Nf3 {[%clk 1:25:22]} b6 {[%clk 1:31:37]} 4. g3
{[%clk 1:25:36]} Bb7 {[%clk 1:31:54]} 5. Bg2 {[%clk 1:25:52]} Be7
{[%clk 1:32:17]} 6. O-O {[%clk 1:25:55]} O-O {[%clk 1:32:08]} 7. d5
{[%clk 1:21:02]} exd5 {[%clk 1:32:21]} 8. Nh4 {[%clk 1:21:17]} c6
{[%clk 1:32:45]} 9. cxd5 {[%clk 1:21:11]} Nxd5 {[%clk 1:33:05]} 10. Nf5
{[%clk 1:21:23]} Bf6 {[%clk 1:33:22]} 11. e4 {[%clk 1:20:43]} Nc7
{[%clk 1:33:06]} 12. Nc3 {[%clk 1:17:33]} d5 {[%clk 1:32:48]} 13. exd5
{[%clk 1:16:30]} cxd5 {[%clk 1:33:08]} 14. Bf4 {[%clk 1:15:56]} Bxc3
{[%clk 1:32:24]} 15. bxc3 {[%clk 1:15:22]} Ne6 {[%clk 1:32:49]} 16. Bxb8
{[%clk 1:10:40]} Rxb8 {[%clk 1:32:50]} 17. Bxd5 {[%clk 1:10:45]} Qf6
{[%clk 1:31:36]} 18. Bxb7 {[%clk 1:03:48]} Rxb7 {[%clk 1:32:01]} 19. Ne3
{[%clk 0:46:11]} Qxc3 {[%clk 1:32:01]} 20. Rc1 {[%clk 0:43:51]} Qa5
{[%clk 1:30:29]} 21. Qf3 {[%clk 0:37:48]} Rd7 {[%clk 1:30:52]} 22. Nc4
{[%clk 0:31:13]} Qxa2 {[%clk 1:30:51]} 23. Ne5 {[%clk 0:31:12]} Nd4
{[%clk 1:30:14]} 24. Qg2 {[%clk 0:25:57]} Rd6 {[%clk 1:26:02]} 25. Rc7
{[%clk 0:24:54]} Qe2 {[%clk 1:23:55]} 26. Nc4 {[%clk 0:20:42]} Rh6
{[%clk 1:21:36]} 27. h3 {[%clk 0:17:30]} Nf3+ {[%clk 1:21:29]} 28. Kh1
{[%clk 0:17:38]} Ng5 {[%clk 1:21:38]} 29. h4 {[%clk 0:16:11]} Ne6
{[%clk 1:18:59]} 30. Rc6 {[%clk 0:15:37]} Nf4 {[%clk 1:19:11]} 31. gxf4
{[%clk 0:12:50]} Rxh4+ {[%clk 1:19:27]} 32. Kg1 {[%clk 0:13:04]} Rg4
{[%clk 1:19:53]} 33. Ne3 {[%clk 0:12:55]} Rxg2+ {[%clk 1:20:17]} 34. Kxg2
{[%clk 0:13:14]} Re8 {[%clk 1:20:13]} 35. Rc2 {[%clk 0:13:04]} Qd3
{[%clk 1:18:14]} 36. Rd1 {[%clk 0:12:34]} Qe4+ {[%clk 1:18:28]} 37. Kg3
{[%clk 0:12:32]} h5 {[%clk 1:18:39]} 38. Rc4 {[%clk 0:12:32]} Qg6+
{[%clk 1:18:45]} 39. Kf3 {[%clk 0:12:43]} h4 {[%clk 1:18:22]} 40. Rd5
{[%clk 0:12:29]} h3 {[%clk 1:18:33]} 41. Rg5 {[%clk 0:12:34]} Qe6
{[%clk 1:18:21]} 42. Kg3 {[%clk 0:09:20]} f6 {[%clk 1:16:01]} 43. Rg4
{[%clk 0:08:19]} b5 {[%clk 1:15:14]} 44. Rc1 {[%clk 0:06:23]} b4 {[%clk 1:15:03]}
45. f5 {[%clk 0:05:25]} Qd6+ {[%clk 1:14:27]} 46. Kxh3 {[%clk 0:05:37]} Kf7
{[%clk 1:14:43]} 47. Rc2 0-1

[Event "2016 Redpath Mining Millionaire Chess Open"]
[Site "Venue: Old Ed’s Sports Complex, Houghton, Johannesburg"]
[Date "2016.07.14"]
[Round "3"]
[Board "8"]
[White "Longano, Michael Nicholas"]
[Black "Xulu, Lindokuhle"]
[Result "1-0"]
[WhiteElo "2042"]
[BlackElo "1775"]
[PlyCount "0"]
[EventDate "2016.07.13"]
[EventRounds "9"]
[EventCountry "RSA"]

1. b3 {[%clk 1:16:13]} d5 {[%clk 1:30:52]} 2. Bb2 {[%clk 1:16:38]} c5
{[%clk 1:31:13]} 3. e3 {[%clk 1:16:57]} Nf6 {[%clk 1:31:31]} 4. Nf3
{[%clk 1:17:17]} Bg4 {[%clk 1:31:43]} 5. h3 {[%clk 1:16:41]} Bh5 {[%clk 1:31:42]}
6. d3 {[%clk 1:16:52]} Nc6 {[%clk 1:31:59]} 7. Nbd2 {[%clk 1:16:56]} e6
{[%clk 1:32:19]} 8. g4 {[%clk 1:03:15]} Bg6 {[%clk 1:32:30]} 9. Nh4
{[%clk 1:03:43]} a5 {[%clk 1:31:51]} 10. a4 {[%clk 0:46:42]} Qc7 {[%clk 1:31:30]}
11. Bg2 {[%clk 0:39:24]} Nb4 {[%clk 1:30:51]} 12. Ndf3 {[%clk 0:38:38]} c4
{[%clk 1:30:12]} 13. Nxg6 {[%clk 0:35:52]} hxg6 {[%clk 1:30:21]} 14. Be5
{[%clk 0:34:56]} Qc5 {[%clk 1:29:10]} 15. O-O {[%clk 0:27:46]} Rd8
{[%clk 1:27:33]} 16. Qe2 {[%clk 0:23:13]} cxd3 {[%clk 1:23:45]} 17. cxd3
{[%clk 0:22:36]} Nc6 {[%clk 1:20:20]} 18. Bb2 {[%clk 0:17:11]} Be7
{[%clk 1:19:20]} 19. Rfc1 {[%clk 0:16:08]} Qd6 {[%clk 1:18:18]} 20. d4
{[%clk 0:13:48]} Ne4 {[%clk 1:17:48]} 21. Ne5 {[%clk 0:13:06]} Ng5
{[%clk 1:17:34]} 22. Qb5 {[%clk 0:10:32]} Kf8 {[%clk 1:13:37]} 23. Qxb7
{[%clk 0:09:38]} Nxe5 {[%clk 1:12:42]} 24. dxe5 {[%clk 0:10:04]} Qb8
{[%clk 1:11:42]} 25. Rc7 {[%clk 0:09:16]} Qxb7 {[%clk 1:11:21]} 26. Rxb7
{[%clk 0:09:44]} Nxh3+ {[%clk 1:11:18]} 27. Bxh3 {[%clk 0:08:37]} Rxh3
{[%clk 1:11:36]} 28. Rc1 {[%clk 0:08:55]} Bg5 {[%clk 1:06:11]} 29. Rcc7
{[%clk 0:08:45]} Kg8 {[%clk 1:06:07]} 30. Rxf7 {[%clk 0:09:02]} Rh4
{[%clk 1:06:21]} 31. Rxg7+ {[%clk 0:09:10]} Kh8 {[%clk 1:06:36]} 32. f4
{[%clk 0:07:34]} Rxg4+ {[%clk 1:06:46]} 33. Kh2 {[%clk 0:07:55]} Bxf4+
{[%clk 1:02:39]} 34. exf4 {[%clk 0:07:14]} Rh4+ {[%clk 1:03:02]} 35. Kg3
{[%clk 0:06:40]} Rh1 {[%clk 1:03:22]} 36. Bd4 {[%clk 0:05:29]} Rf8
{[%clk 1:02:42]} 37. Rxg6 {[%clk 0:05:10]} Rc8 {[%clk 1:02:48]} 38. Rxe6
{[%clk 0:04:56]} Rd1 {[%clk 1:02:45]} 39. Rh6+ {[%clk 0:04:04]} Kg8
{[%clk 1:02:57]} 40. Rg6+ {[%clk 0:04:32]} Kf8 {[%clk 1:02:56]} 41. e6 Rd3+
{[%clk 1:01:13]} 42. Kg4 {[%clk 0:05:02]} Re8 {[%clk 0:54:49]} 43. Rf7#
{[%clk 0:03:47]} 1-0

[Event "2016 Redpath Mining Millionaire Chess Open"]
[Site "Venue: Old Ed’s Sports Complex, Houghton, Johannesburg"]
[Date "2016.07.14"]
[Round "3"]
[Board "9"]
[White "Mateus, Domingos"]
[Black "Mpya, Tshediso M"]
[Result "0-1"]
[WhiteElo "1877"]
[BlackElo "1941"]
[PlyCount "0"]
[EventDate "2016.07.13"]
[EventRounds "9"]
[EventCountry "RSA"]

1. e4 {[%clk 1:27:38]} c6 {[%clk 1:30:58]} 2. d4 {[%clk 1:27:50]} d5
{[%clk 1:31:26]} 3. Nc3 {[%clk 1:28:09]} dxe4 {[%clk 1:31:40]} 4. Nxe4
{[%clk 1:28:34]} Nf6 {[%clk 1:32:04]} 5. Ng3 {[%clk 1:28:37]} e5 {[%clk 1:31:47]}
6. dxe5 {[%clk 1:24:35]} Qxd1+ {[%clk 1:32:15]} 7. Kxd1 {[%clk 1:23:36]} Ng4
{[%clk 1:32:43]} 8. Ne4 {[%clk 1:17:02]} Bf5 {[%clk 1:31:11]} 9. f3
{[%clk 1:16:09]} Bxe4 {[%clk 1:30:20]} 10. fxg4 {[%clk 1:16:37]} Nd7
{[%clk 1:30:40]} 11. Bf4 {[%clk 1:04:16]} O-O-O {[%clk 1:31:03]} 12. Kc1
{[%clk 1:04:31]} Bc5 {[%clk 1:31:19]} 13. Nf3 {[%clk 1:03:43]} Bxf3
{[%clk 1:31:40]} 14. gxf3 {[%clk 1:04:05]} Nxe5 {[%clk 1:31:59]} 15. Be2
{[%clk 0:59:38]} Rhe8 {[%clk 1:30:58]} 16. Bxe5 {[%clk 0:56:13]} Rxe5
{[%clk 1:31:26]} 17. Bd3 {[%clk 0:56:42]} Be3+ {[%clk 1:30:52]} 18. Kb1
{[%clk 0:56:10]} Bf4 {[%clk 1:31:20]} 19. h3 {[%clk 0:54:24]} Re3
{[%clk 1:31:43]} 20. Rf1 {[%clk 0:54:46]} Rd6 {[%clk 1:31:14]} 21. h4
{[%clk 0:41:05]} h5 {[%clk 1:30:39]} 22. a3 {[%clk 0:40:46]} Kc7 {[%clk 1:26:14]}
23. gxh5 {[%clk 0:37:49]} Rh6 {[%clk 1:26:11]} 24. Rg1 {[%clk 0:37:26]} Be5
{[%clk 1:26:30]} 25. Be4 {[%clk 0:35:40]} Rxh5 {[%clk 1:25:24]} 26. Rg5
{[%clk 0:35:36]} Rxg5 {[%clk 1:25:26]} 27. hxg5 {[%clk 0:36:05]} Bf4
{[%clk 1:25:33]} 28. g6 {[%clk 0:36:20]} fxg6 {[%clk 1:25:43]} 29. Ka2
{[%clk 0:36:36]} g5 {[%clk 1:25:35]} 30. Rg1 {[%clk 0:34:06]} Kd6
{[%clk 1:25:59]} 31. Rd1+ {[%clk 0:32:23]} Ke6 {[%clk 1:26:12]} 32. Rd3
{[%clk 0:29:22]} Rxe4 {[%clk 1:24:06]} 33. fxe4 {[%clk 0:28:57]} g4
{[%clk 1:24:34]} 34. Rd1 {[%clk 0:25:00]} Be3 {[%clk 1:24:38]} 35. e5
{[%clk 0:21:11]} Kxe5 {[%clk 1:23:31]} 36. Re1 {[%clk 0:20:04]} Ke4
{[%clk 1:23:51]} 0-1

[Event "2016 Redpath Mining Millionaire Chess Open"]
[Site "Venue: Old Ed’s Sports Complex, Houghton, Johannesburg"]
[Date "2016.07.14"]
[Round "3"]
[Board "10"]
[White "Agostinho, Diogo"]
[Black "Basson, Petrus"]
[Result "1-0"]
[WhiteElo "2055"]
[BlackElo "1679"]
[PlyCount "0"]
[EventDate "2016.07.13"]
[EventRounds "9"]
[EventCountry "RSA"]

1. e4 {[%clk 1:27:28]} c5 {[%clk 1:30:48]} 2. Nc3 {[%clk 1:27:52]} Nc6
{[%clk 1:29:57]} 3. g3 {[%clk 1:28:13]} g6 {[%clk 1:28:42]} 4. Bg2
{[%clk 1:28:40]} Bg7 {[%clk 1:29:01]} 5. Nge2 {[%clk 1:29:04]} e6
{[%clk 1:28:11]} 6. O-O {[%clk 1:29:28]} Nge7 {[%clk 1:28:32]} 7. d3
{[%clk 1:29:00]} O-O {[%clk 1:27:00]} 8. f4 {[%clk 1:20:34]} d6 {[%clk 1:26:17]}
9. g4 {[%clk 1:17:44]} Nd4 {[%clk 1:18:18]} 10. Ng3 {[%clk 1:18:02]} Rb8
{[%clk 1:14:57]} 11. Nce2 {[%clk 1:15:58]} f5 {[%clk 1:12:14]} 12. gxf5
{[%clk 1:10:24]} exf5 {[%clk 1:11:54]} 13. c3 {[%clk 1:10:51]} Nxe2+
{[%clk 1:10:34]} 14. Qxe2 {[%clk 1:11:18]} Nc6 {[%clk 0:54:18]} 15. Be3
{[%clk 1:10:29]} Qe7 {[%clk 0:53:01]} 16. Qf2 {[%clk 1:10:32]} Bd7
{[%clk 0:49:14]} 17. e5 {[%clk 1:06:16]} b6 {[%clk 0:47:47]} 18. d4
{[%clk 1:06:36]} cxd4 {[%clk 0:47:38]} 19. cxd4 {[%clk 1:07:04]} Nb4
{[%clk 0:45:59]} 20. a3 {[%clk 1:03:12]} Na6 {[%clk 0:41:32]} 21. Qe2
{[%clk 1:03:27]} Nc7 {[%clk 0:41:23]} 22. Qc4+ {[%clk 1:02:41]} Be6
{[%clk 0:36:59]} 23. d5 {[%clk 1:01:13]} Bc8 {[%clk 0:37:18]} 24. Rac1
{[%clk 1:00:17]} Ne8 {[%clk 0:33:37]} 25. Rfe1 {[%clk 0:56:37]} Bb7
{[%clk 0:31:40]} 26. Qa4 {[%clk 0:54:46]} Ba8 {[%clk 0:28:55]} 27. Bd4
{[%clk 0:47:41]} Bh6 {[%clk 0:24:35]} 28. exd6 {[%clk 0:45:55]} Qh4
{[%clk 0:24:25]} 29. d7 {[%clk 0:43:28]} Nf6 {[%clk 0:23:37]} 30. Bxf6
{[%clk 0:43:07]} Qxf6 {[%clk 0:23:57]} 31. Re8 {[%clk 0:43:23]} Bxf4
{[%clk 0:24:09]} 32. Rxf8+ {[%clk 0:42:08]} Rxf8 {[%clk 0:24:23]} 33. Qxf4
{[%clk 0:42:33]} g5 {[%clk 0:24:34]} 34. Qb4 {[%clk 0:41:32]} Bb7
{[%clk 0:24:21]} 35. d6 {[%clk 0:39:21]} Bxg2 {[%clk 0:24:09]} 36. Kxg2
{[%clk 0:39:48]} f4 {[%clk 0:24:16]} 37. Qb3+ {[%clk 0:39:11]} Kh8
{[%clk 0:24:18]} 38. Qc3 {[%clk 0:38:42]} Qxc3 {[%clk 0:23:33]} 39. Rxc3
{[%clk 0:39:10]} 1-0

[Event "2016 Redpath Mining Millionaire Chess Open"]
[Site "Venue: Old Ed’s Sports Complex, Houghton, Johannesburg"]
[Date "2016.07.14"]
[Round "3"]
[Board "11"]
[White "Baxter, David Jarred"]
[Black "Tembo, Epah"]
[Result "1-0"]
[WhiteElo "1662"]
[BlackElo "1919"]
[PlyCount "0"]
[EventDate "2016.07.13"]
[EventRounds "9"]
[EventCountry "RSA"]

1. e4 {[%clk 1:30:58]} e6 {[%clk 1:29:49]} 2. Nf3 {[%clk 1:31:20]} d5
{[%clk 1:30:04]} 3. Nc3 {[%clk 1:31:44]} Nf6 {[%clk 1:30:18]} 4. e5
{[%clk 1:32:00]} Nfd7 {[%clk 1:30:44]} 5. d4 {[%clk 1:32:24]} a6 {[%clk 1:31:00]}
6. Bd3 {[%clk 1:32:17]} c5 {[%clk 1:31:14]} 7. dxc5 {[%clk 1:32:34]} Nxc5
{[%clk 1:30:27]} 8. O-O {[%clk 1:32:12]} Be7 9. Bf4 {[%clk 1:30:08]} Nc6
{[%clk 1:28:46]} 10. a3 {[%clk 1:29:04]} b5 {[%clk 1:28:26]} 11. Ne2
{[%clk 1:16:06]} Bb7 {[%clk 1:23:48]} 12. Ned4 {[%clk 1:13:42]} Nxd3
{[%clk 1:22:48]} 13. Qxd3 {[%clk 1:02:54]} Nxd4 {[%clk 1:22:41]} 14. Nxd4
{[%clk 1:03:11]} Rc8 {[%clk 1:22:46]} 15. Bd2 {[%clk 0:47:44]} Qc7
{[%clk 1:19:46]} 16. Rfe1 {[%clk 0:36:21]} Qc4 {[%clk 1:18:48]} 17. Rac1
{[%clk 0:25:15]} Qxd3 {[%clk 1:13:12]} 18. cxd3 {[%clk 0:25:43]} Rxc1
{[%clk 1:13:26]} 19. Rxc1 {[%clk 0:25:16]} Kd7 {[%clk 1:13:53]} 20. Nb3
{[%clk 0:18:46]} Rc8 {[%clk 1:09:13]} 21. Rxc8 {[%clk 0:18:56]} Bxc8
{[%clk 1:09:37]} 22. Be3 {[%clk 0:19:17]} Bd8 {[%clk 1:04:06]} 23. Nc5+
{[%clk 0:18:57]} Kc6 {[%clk 1:04:08]} 24. b4 {[%clk 0:17:40]} a5 {[%clk 0:59:56]}
25. Nb3 {[%clk 0:13:54]} a4 {[%clk 0:55:26]} 26. Nd4+ {[%clk 0:10:06]} Kd7
{[%clk 0:55:54]} 27. Nxb5 {[%clk 0:10:34]} Ba6 {[%clk 0:56:22]} 28. Nc3
{[%clk 0:11:02]} Bxd3 {[%clk 0:56:29]} 29. Nxa4 {[%clk 0:11:23]} Kc6
{[%clk 0:56:34]} 30. Nc5 {[%clk 0:07:47]} Bc4 {[%clk 0:56:43]} 31. a4
{[%clk 0:06:24]} Be7 {[%clk 0:56:37]} 32. b5+ {[%clk 0:04:28]} Bxb5
{[%clk 0:56:54]} 33. axb5+ {[%clk 0:04:49]} Kxb5 {[%clk 0:57:23]} 34. Nb3
{[%clk 0:03:49]} Kc4 {[%clk 0:57:26]} 35. Nd4 {[%clk 0:02:56]} Bc5
{[%clk 0:57:28]} 36. Nf3 {[%clk 0:02:53]} d4 {[%clk 0:57:46]} 37. Bd2
{[%clk 0:03:13]} h6 {[%clk 0:58:00]} 38. Kf1 {[%clk 0:03:01]} Kd3
{[%clk 0:58:23]} 39. Ke1 {[%clk 0:02:14]} Ba7 {[%clk 0:58:26]} 40. Ng1
{[%clk 0:02:08]} Bb8 {[%clk 0:58:16]} 41. f4 {[%clk 0:02:08]} Bc7
{[%clk 0:55:57]} 42. Nh3 {[%clk 0:02:27]} Ke4 {[%clk 0:55:31]} 43. Nf2+
{[%clk 0:02:41]} Kf5 {[%clk 0:55:42]} 44. Ke2 {[%clk 0:02:41]} g5
{[%clk 0:56:03]} 45. Kf3 {[%clk 0:01:34]} gxf4 {[%clk 0:56:04]} 46. Bxf4
{[%clk 0:01:45]} h5 {[%clk 0:56:22]} 47. Ne4 {[%clk 0:01:54]} d3 {[%clk 0:54:26]}
48. Nd6+ {[%clk 0:01:10]} Kg6 {[%clk 0:54:53]} 49. Ke4 {[%clk 0:01:15]} d2
{[%clk 0:54:34]} 50. Bxd2 {[%clk 0:01:42]} f6 {[%clk 0:54:57]} 51. Bf4
{[%clk 0:01:17]} fxe5 {[%clk 0:55:20]} 52. Kxe5 {[%clk 0:01:34]} h4
{[%clk 0:54:56]} 53. Kxe6 {[%clk 0:01:55]} Kh5 {[%clk 0:55:19]} 54. Kf5
{[%clk 0:02:11]} Bd8 {[%clk 0:55:10]} 55. Ne8 {[%clk 0:01:58]} 1-0

[Event "2016 Redpath Mining Millionaire Chess Open"]
[Site "Venue: Old Ed’s Sports Complex, Houghton, Johannesburg"]
[Date "2016.07.14"]
[Round "3"]
[Board "12"]
[White "Moremi, Thato"]
[Black "February, Jesse Nikki"]
[Result "0-1"]
[WhiteElo "1576"]
[BlackElo "1906"]
[PlyCount "0"]
[EventDate "2016.07.13"]
[EventRounds "9"]
[EventCountry "RSA"]

1. d4 {[%clk 1:30:57]} Nf6 {[%clk 1:30:53]} 2. Bf4 {[%clk 1:31:14]} e6
{[%clk 1:31:07]} 3. e3 {[%clk 1:31:29]} b6 {[%clk 1:30:46]} 4. Nf3
{[%clk 1:30:04]} Bb7 {[%clk 1:30:49]} 5. Bd3 {[%clk 1:29:40]} Be7
{[%clk 1:30:38]} 6. Nbd2 {[%clk 1:29:25]} Nh5 {[%clk 1:26:52]} 7. Bg3
{[%clk 1:26:05]} d6 {[%clk 1:23:17]} 8. c3 {[%clk 1:19:42]} Nd7 {[%clk 1:22:43]}
9. Qe2 {[%clk 1:19:24]} Nxg3 {[%clk 1:21:36]} 10. hxg3 {[%clk 1:19:47]} h6
{[%clk 1:21:53]} 11. a3 {[%clk 1:12:14]} c5 12. e4 {[%clk 1:05:41]} Rc8
{[%clk 1:18:09]} 13. Rc1 {[%clk 0:57:44]} cxd4 {[%clk 1:00:53]} 14. Nxd4
{[%clk 0:57:31]} O-O {[%clk 0:59:55]} 15. f4 {[%clk 0:40:57]} Nc5
{[%clk 0:55:54]} 16. Bb1 {[%clk 0:32:04]} Bf6 {[%clk 0:53:39]} 17. N2f3
{[%clk 0:17:56]} Bxd4 {[%clk 0:38:19]} 18. Nxd4 {[%clk 0:17:37]} Qf6
{[%clk 0:38:16]} 19. Rd1 {[%clk 0:14:25]} Qg6 {[%clk 0:36:47]} 20. g4
{[%clk 0:10:55]} Bxe4 {[%clk 0:30:38]} 21. Bxe4 {[%clk 0:09:39]} Nxe4
{[%clk 0:19:27]} 22. Qf3 {[%clk 0:09:16]} d5 {[%clk 0:18:26]} 23. f5
{[%clk 0:08:59]} Qf6 {[%clk 0:17:53]} 24. O-O {[%clk 0:04:54]} Qg5
{[%clk 0:11:23]} 25. Rfe1 {[%clk 0:02:37]} e5 {[%clk 0:08:48]} 26. Nb3
{[%clk 0:02:15]} Rfd8 {[%clk 0:08:20]} 27. Rd3 {[%clk 0:02:18]} Qe7
{[%clk 0:05:00]} 28. Red1 {[%clk 0:02:15]} Nf6 {[%clk 0:04:03]} 29. Re3
{[%clk 0:02:33]} Rc4 {[%clk 0:03:24]} 30. g5 {[%clk 0:01:34]} hxg5
{[%clk 0:03:44]} 31. Qg3 {[%clk 0:02:02]} Ne4 {[%clk 0:03:30]} 32. Qf3
{[%clk 0:01:59]} g4 {[%clk 0:03:00]} 33. Qe2 {[%clk 0:01:51]} Qg5
{[%clk 0:02:09]} 34. Nd2 {[%clk 0:01:10]} Nxd2 {[%clk 0:01:30]} 35. Rxd2
{[%clk 0:01:36]} f6 {[%clk 0:01:10]} 36. Red3 {[%clk 0:01:28]} Re4
{[%clk 0:00:46]} 37. Qf2 {[%clk 0:00:55]} Rf4 {[%clk 0:00:56]} 38. Qg3
{[%clk 0:01:04]} Rxf5 {[%clk 0:01:06]} 39. b3 {[%clk 0:00:43]} e4
{[%clk 0:00:43]} 40. Re3 {[%clk 0:00:56]} Re5 {[%clk 0:00:56]} 41. Rd4
{[%clk 0:01:05]} Rde8 {[%clk 0:01:06]} 42. c4 {[%clk 0:01:02]} f5
{[%clk 0:01:15]} 43. Qe1 {[%clk 0:00:48]} f4 {[%clk 0:01:19]} 44. Rc3
{[%clk 0:00:53]} dxc4 {[%clk 0:01:32]} 45. Rcxc4 {[%clk 0:01:05]} Qf5
{[%clk 0:00:55]} 46. Qf1 {[%clk 0:01:04]} b5 {[%clk 0:01:07]} 47. Rc3
{[%clk 0:01:10]} f3 {[%clk 0:01:18]} 48. gxf3 {[%clk 0:01:10]} gxf3
{[%clk 0:01:30]} 49. Re3 {[%clk 0:01:29]} Qg4+ {[%clk 0:01:32]} 50. Kf2
{[%clk 0:01:46]} Qh4+ 51. Rc3 Qg5 52. Rd7 0-1

[Event "2016 Redpath Mining Millionaire Chess Open"]
[Site "Venue: Old Ed’s Sports Complex, Houghton, Johannesburg"]
[Date "2016.07.14"]
[Round "3"]
[Board "13"]
[White "Musekiwa, Michael"]
[Black "Correia, Adelino"]
[Result "1-0"]
[WhiteElo "1880"]
[BlackElo "1649"]
[PlyCount "0"]
[EventDate "2016.07.13"]
[EventRounds "9"]
[EventCountry "RSA"]

1. e4 {[%clk 1:30:21]} e5 {[%clk 1:27:55]} 2. Nf3 {[%clk 1:30:44]} Nc6
{[%clk 1:27:44]} 3. Bb5 {[%clk 1:31:07]} Nd4 {[%clk 1:27:34]} 4. Nxd4
{[%clk 1:30:38]} exd4 {[%clk 1:28:02]} 5. O-O {[%clk 1:30:58]} c6
{[%clk 1:27:35]} 6. Bc4 {[%clk 1:30:59]} d6 {[%clk 1:26:43]} 7. d3
{[%clk 1:30:29]} Be6 {[%clk 1:27:07]} 8. Bxe6 {[%clk 1:30:35]} fxe6
{[%clk 1:27:36]} 9. Qh5+ {[%clk 1:30:14]} g6 {[%clk 1:27:58]} 10. Qg4
{[%clk 1:30:35]} Qd7 {[%clk 1:27:04]} 11. Bg5 {[%clk 1:28:32]} Be7
{[%clk 1:24:08]} 12. f4 O-O-O 13. c3 {[%clk 1:25:10]} h5 {[%clk 1:24:24]} 14. Qe2
{[%clk 1:24:39]} Bxg5 {[%clk 1:24:47]} 15. fxg5 {[%clk 1:24:57]} e5
{[%clk 1:25:14]} 16. cxd4 {[%clk 1:24:45]} exd4 {[%clk 1:23:45]} 17. Nd2
{[%clk 1:24:29]} Ne7 {[%clk 1:21:39]} 18. Rf6 {[%clk 1:23:58]} Rde8
{[%clk 1:17:47]} 19. Nc4 {[%clk 1:22:59]} Nf5 {[%clk 1:17:27]} 20. Qf2
{[%clk 1:22:33]} d5 {[%clk 1:17:26]} 21. exf5 {[%clk 1:20:45]} dxc4
{[%clk 1:17:56]} 22. fxg6 {[%clk 1:21:06]} cxd3 {[%clk 1:17:20]} 23. Rf7
{[%clk 1:20:40]} Qd5 {[%clk 1:13:00]} 24. Qg3 {[%clk 1:18:37]} Re5
{[%clk 1:11:45]} 25. g7 {[%clk 1:18:12]} Rhe8 {[%clk 1:11:21]} 26. Rf8
{[%clk 1:17:00]} h4 {[%clk 1:06:20]} 27. Qxe5 {[%clk 1:15:32]} Qxe5
{[%clk 1:06:30]} 28. g8=Q {[%clk 1:15:52]} Qe3+ {[%clk 1:05:03]} 29. Kh1
{[%clk 1:16:18]} Rxf8 {[%clk 1:02:45]} 30. Qxf8+ Kc7 31. Qf7+ {[%clk 1:13:17]}
Kb6 {[%clk 1:03:31]} 32. Qb3+ {[%clk 1:12:33]} Kc5 {[%clk 1:02:36]} 33. Rd1
{[%clk 1:11:56]} Qxg5 {[%clk 1:02:25]} 34. Qxd3 {[%clk 1:12:13]} Qd5
{[%clk 0:53:11]} 35. Rc1+ {[%clk 1:11:43]} Kd6 {[%clk 0:53:36]} 36. Qg6+
{[%clk 1:12:00]} Kc7 {[%clk 0:53:57]} 37. Qh7+ {[%clk 1:12:24]} Kb6
{[%clk 0:54:18]} 38. Qxh4 {[%clk 1:12:39]} c5 {[%clk 0:54:35]} 39. b3
{[%clk 1:11:45]} a5 {[%clk 0:53:39]} 40. Qf6+ {[%clk 1:11:53]} Ka7
{[%clk 0:53:49]} 41. Qf3 {[%clk 1:11:47]} Qg5 {[%clk 0:54:12]} 42. Rd1
{[%clk 1:11:41]} Qg6 {[%clk 0:54:08]} 43. Qd3 {[%clk 1:11:52]} Qc6
{[%clk 0:54:27]} 44. h4 {[%clk 1:11:40]} a4 {[%clk 0:54:27]} 45. h5
{[%clk 1:11:31]} Qf6 {[%clk 0:54:41]} 46. Rf1 {[%clk 1:10:39]} Qg5
{[%clk 0:54:51]} 47. Qf5 {[%clk 1:10:39]} Qh4+ {[%clk 0:55:14]} 48. Kg1
{[%clk 1:10:45]} Qe7 {[%clk 0:55:43]} 49. Qd3 {[%clk 1:10:06]} axb3
{[%clk 0:45:16]} 50. axb3 {[%clk 1:10:26]} Qe6 {[%clk 0:44:58]} 51. b4
{[%clk 1:10:20]} b6 {[%clk 0:45:15]} 52. bxc5 {[%clk 1:10:36]} bxc5
{[%clk 0:45:42]} 53. Ra1+ {[%clk 1:10:59]} Kb7 {[%clk 0:46:05]} 54. Qb5+
{[%clk 1:11:15]} Kc7 {[%clk 0:44:54]} 55. Ra7+ {[%clk 1:11:28]} 1-0

[Event "2016 Redpath Mining Millionaire Chess Open"]
[Site "Venue: Old Ed’s Sports Complex, Houghton, Johannesburg"]
[Date "2016.07.14"]
[Round "3"]
[Board "14"]
[White "Waters, Anre"]
[Black "Wilken, Justin Barend"]
[Result "0-1"]
[WhiteElo "1537"]
[BlackElo "1854"]
[PlyCount "0"]
[EventDate "2016.07.13"]
[EventRounds "9"]
[EventCountry "RSA"]

1. d4 {[%clk 1:30:47]} d5 {[%clk 1:30:54]} 2. e3 {[%clk 1:30:55]} Nf6
{[%clk 1:31:09]} 3. Bd3 {[%clk 1:30:55]} c5 {[%clk 1:31:32]} 4. c4
{[%clk 1:29:33]} dxc4 {[%clk 1:29:50]} 5. Bxc4 {[%clk 1:29:50]} e6
{[%clk 1:29:37]} 6. Nf3 {[%clk 1:27:54]} a6 {[%clk 1:26:45]} 7. O-O
{[%clk 1:27:22]} b5 {[%clk 1:26:51]} 8. Bb3 {[%clk 1:26:04]} c4 {[%clk 1:24:04]}
9. Bc2 {[%clk 1:25:41]} Bb7 {[%clk 1:24:04]} 10. Nbd2 {[%clk 1:23:49]} Be7
{[%clk 1:21:38]} 11. Ne5 {[%clk 1:19:48]} Qd5 {[%clk 1:17:28]} 12. Qf3
{[%clk 1:18:58]} Qxf3 {[%clk 1:16:57]} 13. Ndxf3 {[%clk 1:19:20]} Ne4
{[%clk 1:14:15]} 14. Nd2 {[%clk 1:15:35]} Nd6 {[%clk 1:12:31]} 15. f4
{[%clk 1:11:02]} f6 {[%clk 1:11:03]} 16. Nef3 {[%clk 1:10:53]} Nc6
{[%clk 1:08:02]} 17. Ne4 {[%clk 1:08:48]} Nb4 {[%clk 1:06:39]} 18. Nxd6+
{[%clk 1:07:37]} Bxd6 {[%clk 1:07:08]} 19. Bb1 {[%clk 1:07:14]} O-O
{[%clk 1:01:46]} 20. Bd2 {[%clk 1:04:55]} Nd5 {[%clk 1:00:44]} 21. a3
{[%clk 1:00:01]} Rfc8 {[%clk 0:59:14]} 22. Ba2 {[%clk 0:57:39]} a5
{[%clk 0:52:00]} 23. Rac1 {[%clk 0:55:12]} Nb6 {[%clk 0:51:08]} 24. Be1
{[%clk 0:47:49]} Na4 {[%clk 0:47:41]} 25. Rc2 {[%clk 0:39:21]} Be4
{[%clk 0:46:58]} 26. Rd2 {[%clk 0:32:57]} Nb6 {[%clk 0:38:43]} 27. Rd1
{[%clk 0:31:35]} Nd5 {[%clk 0:36:24]} 28. Bd2 {[%clk 0:28:00]} b4
{[%clk 0:35:21]} 29. Rc1 {[%clk 0:27:09]} Bd3 {[%clk 0:35:25]} 30. Rfe1
{[%clk 0:23:37]} bxa3 {[%clk 0:34:31]} 31. e4 {[%clk 0:20:20]} axb2
{[%clk 0:32:46]} 32. Rcd1 {[%clk 0:19:47]} Nb4 {[%clk 0:30:55]} 33. Bxb4
{[%clk 0:15:04]} axb4 {[%clk 0:30:18]} 34. Bb3 {[%clk 0:09:21]} b1=Q 0-1